LEADER 01236nam a2200289 i 4500 001 000000036572 003 CaOOAMICUS 005 20060901000000.0 008 060901s1990 it u000 u ita u 013 $a6221 020 $a88-399-1691-1 040 $aSeMil$bita 100 1 $aMüller, Paul-Gerhard <1940->.$0(OLS)http://semarc/name/17246 240 10$aLexicon exegetischer Fachbegriffe.$0(OLS)http://semarc/title/50704 245 10$aLessico della scienza biblica /$cPaul-Gerhard Mueller ; Edizione italiana a cura di Mario Masini. 260 $aBrescia :$bQueriniana,$c1990. 300 $a219 p. ;$c21 cm. 490 0 $aLeggere oggi la Bibbia ;$v3.11 650 4$aBibbia - Lessico.$0(OLS)http://semarc/subject/4584 700 1 $aMasini, Mario,$d<1927- >.$0(OLS)http://semarc/name/11 830 0$aLeggere oggi la Bibbia ;$v3.11.$0(OLS)http://semarc/title/15 850 $aSeMil 852 $aSeMil$W1$xVenegono$y1$m2W VII 72$j2727$B2727$CSeMilBibl$Z2$F2727 $81 961 $aOmaggio: Scuola Cattolica 996 $6020$a88-399-1691-1$9(OLS)http://semarc/number/5274 996 $6245$aLessico della scienza biblica$9(OLS)http://semarc/title/50703 996 $6260$aBrescia :$bQueriniana$9(OLS)http://semarc/publisher/29615 LEADER 01352nam a2200289 i 4500 001 000000348677 003 CaOOAMICUS 005 20211229143608.0 008 211126s2020 it u000 u ita u 013 $a189663 020 $a978-88-6512-701-8 040 $aSeMil$bita 100 1 $aPighin, Bruno Fabio,$d<1944- >.$0(OLS)http://semarc/name/7147 245 12$aI sacramenti: dottrina e disciplina canonica /$cBruno Fabio Pighin. 264 1$aVenezia :$bMarcianum Press,$c2020. 300 $a438 p. ;$c24 cm. 490 1 $aIstituto di diritto canonico San Pio 10. Manuali ;$v14 650 4$aDiritto sacramentale canonico.$0(OLS)http://semarc/subject/51492 650 4$aDiritto canonico e liturgia.$0(OLS)http://semarc/subject/51493 650 4$aSacramenti - Diritto canonico.$0(OLS)http://semarc/subject/3661 830 0$aIus canonicum. Manuali / Facoltà di diritto canonico San Pio X. Diritto canonico ;$v14.$0(OLS)http://semarc/title/21193 850 $aSeMil 852 $aSeMil$W1$xVenegono$y1$m2TA G 14$j230255$B239780$CSeMilBibl$Z2$F239780 $81 996 $6020$a978-88-6512-701-8$9(OLS)http://semarc/number/294710 996 $6245$aI sacramenti: dottrina e disciplina canonica$9(OLS)http://semarc/title/438112 996 $6264$aVenezia :$bMarcianum Press$9(OLS)http://semarc/publisher/31536